000 00235nam a2200097Ia 4500
008 230508s2000 xx 000 0 und d
041 _aeng
100 _aMALVINO BROWN
245 _aDIGITAL COMPUTER ELECTRONIC
260 _bTATA MCG
_c2000
999 _c332118
_d332118